<?xml version="1.0" encoding="UTF-8"?>
<collection xmlns="http://www.loc.gov/MARC21/slim">
 <record>
  <leader>01541nam a22002057a 4500</leader>
  <controlfield tag="001">NCT_4_004370</controlfield>
  <controlfield tag="008">240227b        xxu||||| |||| 00| 0 vie d</controlfield>
  <datafield tag="999" ind1=" " ind2=" ">
   <subfield code="c">8098</subfield>
   <subfield code="d">8098</subfield>
  </datafield>
  <datafield tag="020" ind1=" " ind2=" ">
   <subfield code="a">978604736005</subfield>
   <subfield code="c">350000</subfield>
  </datafield>
  <datafield tag="082" ind1="0" ind2="4">
   <subfield code="2">23rd ed.</subfield>
   <subfield code="a">617.605</subfield>
   <subfield code="b">H401</subfield>
  </datafield>
  <datafield tag="100" ind1="1" ind2=" ">
   <subfield code="a">Trần Giao Hòa</subfield>
  </datafield>
  <datafield tag="245" ind1="1" ind2="0">
   <subfield code="a">Phẫu thuật tạo hình nha chu</subfield>
   <subfield code="c">Trần Giao Hòa</subfield>
  </datafield>
  <datafield tag="250" ind1=" " ind2=" ">
   <subfield code="a">Tái bản lần thứ 1 có chỉnh sửa và hiệu đính</subfield>
  </datafield>
  <datafield tag="260" ind1=" " ind2=" ">
   <subfield code="a">TP. Hồ Chí Minh</subfield>
   <subfield code="b">Đại học Quốc gia Thành phố Hồ Chí Minh</subfield>
   <subfield code="c">2018</subfield>
  </datafield>
  <datafield tag="300" ind1=" " ind2=" ">
   <subfield code="a">464tr.</subfield>
   <subfield code="b">minh họa</subfield>
   <subfield code="c">24 cm</subfield>
  </datafield>
  <datafield tag="520" ind1="3" ind2=" ">
   <subfield code="a">Nội dung sách chia thành 3 phần: Phần 1- Ba chương đầu trình bày giải phẫu học phân tích, liên quan đến phẫu thuật tạo hình nha chu; Phần 2- Ba chương trình bày bệnh lý và cách phân loại mới bệnh viêm nha chu do Hiệp Hội Nha chu Hoa Kỳ và Hiệp Hội Nha chu Châu Âu, thống nhất tại Hội nghi Nha chu Armitage, dễ dàng áp dụng trong lâm sàng để chẩn đoán và điều trị; Phần 3- Trình bày các loại phẫu thuật trong điều trị bệnh nha chu và phẫu thuật tạo hình nha chu.</subfield>
  </datafield>
  <datafield tag="653" ind1=" " ind2=" ">
   <subfield code="a">Răng Hàm Mặt</subfield>
  </datafield>
  <datafield tag="942" ind1=" " ind2=" ">
   <subfield code="2">ddc</subfield>
   <subfield code="c">BK</subfield>
  </datafield>
  <datafield tag="952" ind1=" " ind2=" ">
   <subfield code="0">0</subfield>
   <subfield code="1">0</subfield>
   <subfield code="2">ddc</subfield>
   <subfield code="4">0</subfield>
   <subfield code="6">617_605000000000000_H401</subfield>
   <subfield code="7">0</subfield>
   <subfield code="9">28570</subfield>
   <subfield code="a">000001</subfield>
   <subfield code="b">000001</subfield>
   <subfield code="d">2024-02-27</subfield>
   <subfield code="o">617.605 H401</subfield>
   <subfield code="p">MD.22143</subfield>
   <subfield code="r">2024-02-27</subfield>
   <subfield code="v">350000.00</subfield>
   <subfield code="w">2024-02-27</subfield>
   <subfield code="y">BK</subfield>
  </datafield>
  <datafield tag="980" ind1=" " ind2=" ">
   <subfield code="a">Thư viện Trường Đại học Nam Cần Thơ</subfield>
  </datafield>
 </record>
</collection>
